[Event "Detroit (MI Op/3/4)"]
[Site "?"]
[Date "1992.??.??"]
[Round "?"]
[White "Noren, Kevin"]
[Black "Jirjis, Faris"]
[Result "1-0"]
[WhiteElo "2310"]
[BlackElo "2090"]
[PlyCount "65"]
[EventDate "1992.??.??"]

{3/(4)} 1. e4 e5 2. Bc4 Nf6 3. d4 exd4 4. Nf3 Nc6 5. e5 d5 6. Bb5 Ne4 7. Nxd4
Bd7 8. Bxc6 bxc6 9. O-O Bc5 10. f3 Ng5 11. f4 Ne6 12. c3 g6 13. Be3 Nxd4 14.
Bxd4 Bxd4+ 15. cxd4 Rb8 16. Nc3 Qh4 17. Qd2 O-O 18. Na4 Rb5 19. Nc5 Qe7 20.
Rac1 Rfb8 21. b3 Bc8 22. Rc3 Qe8 23. f5 Bxf5 24. Rxf5 Rxc5 25. Rxc5 gxf5 26.
Qg5+ Kf8 27. Qh6+ Ke7 28. Qf6+ Kf8 29. Rxc6 Rd8 30. Qh8+ Ke7 31. Rxc7+ Rd7 32.
Qf6+ Kf8 33. Rc8 1-0

[Event "Detroit (MI Op/1b/2)"]
[Site "?"]
[Date "1992.??.??"]
[Round "?"]
[White "Noren, Kevin"]
[Black "Grams, Paul"]
[Result "1-0"]
[WhiteElo "2310"]
[BlackElo "1890"]
[PlyCount "79"]
[EventDate "1992.??.??"]

1. e4 c5 2. Nf3 Nc6 3. d4 cxd4 4. Nxd4 d6 5. c4 Nf6 6. Nc3 g6 7. Nc2 Bg7 8. Be2
O-O 9. O-O Be6 10. Be3 Rc8 11. f3 Ne5 12. b3 a6 13. Qd2 Qa5 14. Nd5 Qxd2 15.
Nxe7+ Kh8 16. Bxd2 Rc7 17. Nd5 Nxd5 18. exd5 Bf5 19. Ne3 Bd3 20. Bxd3 Nxd3 21.
Rad1 Bd4 22. Kh1 Re8 23. Ba5 b6 24. Rxd3 Bxe3 25. Bc3+ Kg8 26. Re1 Rce7 27. Bf6
Bg5 28. Rxe7 Rxe7 29. Bxe7 Bxe7 30. Re3 Kf8 31. Kg1 g5 32. Kf1 Bf6 33. Re4 Be5
34. g3 f5 35. Re2 h5 36. a3 h4 37. f4 gxf4 38. gxh4 Kf7 39. Rxe5 dxe5 40. h5
1-0

[Event "Detroit (MI Op/5/2)"]
[Site "?"]
[Date "1992.??.??"]
[Round "?"]
[White "Noren, Kevin"]
[Black "Finegold, Ben"]
[Result "1/2-1/2"]
[WhiteElo "2310"]
[BlackElo "2540"]
[PlyCount "75"]
[EventDate "1992.??.??"]

{5/(2)} 1. e4 e5 2. Nf3 Nc6 3. Nc3 Nf6 4. Bb5 Bc5 5. Bxc6 dxc6 6. h3 Nh5 7. d3
Qf6 8. Ne2 O-O 9. Bg5 Qd6 10. g4 h6 11. Bd2 Qf6 12. Ng3 Nf4 13. Bxf4 exf4 14.
e5 Bxf2+ 15. Kxf2 fxg3+ 16. Kxg3 Qe7 17. Qd2 f5 18. Rae1 fxg4 19. hxg4 Bxg4 20.
Kxg4 Qe6+ 21. Kg3 Qg6+ 22. Kf2 Rxf3+ 23. Kxf3 Rf8+ 24. Qf4 Rxf4+ 25. Kxf4 Qg2
26. e6 Qf2+ 27. Kg4 Qg2+ 28. Kf4 Kf8 29. e7+ Ke8 30. Rhf1 h5 31. Rg1 Qxc2 32.
Kg5 Qd2+ 33. Kxh5 Qh6+ 34. Kg4 Qg6+ 35. Kf4 Qf6+ 36. Kg4 Qg6+ 37. Kf4 Qf6+ 38.
Kg4 1/2-1/2

[Event "Detroit (MI Action/6)"]
[Site "?"]
[Date "1992.??.??"]
[Round "?"]
[White "Noren, Kevin"]
[Black "Finegold, Ben"]
[Result "0-1"]
[WhiteElo "2295"]
[BlackElo "2550"]
[PlyCount "70"]
[EventDate "1992.??.??"]

1. e4 c5 2. Nf3 Nc6 3. d4 cxd4 4. Nxd4 Nf6 5. Nc3 d6 6. g3 Bg4 7. f3 Bd7 8. Be3
g6 9. Qd2 Bg7 10. O-O-O O-O 11. g4 Rc8 12. Kb1 Ne5 13. h4 h5 14. Bh6 hxg4 15.
Bxg7 Kxg7 16. h5 Rh8 17. h6+ Kh7 18. f4 Nf3 19. Nxf3 gxf3 20. e5 Ng4 21. exd6
exd6 22. Ne4 Rf8 23. Bh3 f6 24. Nxd6 Bf5 25. Nxc8 Qxd2 26. Rxd2 Rxc8 27. Bxg4
Bxg4 28. c3 Rc7 29. Kc1 Bh5 30. f5 Kxh6 31. fxg6 Kxg6 32. Rg1+ Kh6 33. Rh2 Rc5
34. Kd2 Re5 35. Re1 Rd5+ 0-1

[Event "Detroit (MI Action/1)"]
[Site "?"]
[Date "1992.??.??"]
[Round "?"]
[White "Noren, Kevin"]
[Black "Dyer, Todd"]
[Result "1-0"]
[WhiteElo "2295"]
[BlackElo "1605"]
[PlyCount "49"]
[EventDate "1992.??.??"]

1. c4 c6 2. e4 e6 3. Nc3 d5 4. d4 dxe4 5. Nxe4 Qc7 6. Nf3 Ne7 7. g3 Ng6 8. Bg2
Be7 9. O-O O-O 10. h4 Nd7 11. h5 Nh8 12. h6 g6 13. b3 Nf6 14. Neg5 Rd8 15. Qe2
Ng4 16. Bh3 e5 17. dxe5 Nxh6 18. e6 f6 19. Ne4 g5 20. Nh2 Ng6 21. Bb2 Ne5 22.
Nxg5 fxg5 23. Bxe5 Bd6 24. Bxd6 Rxd6 25. Qe5 1-0

[Event "Flint (MEX/2)"]
[Site "?"]
[Date "1992.??.??"]
[Round "?"]
[White "Noren, Kevin"]
[Black "Chehayeb, Sal"]
[Result "1-0"]
[WhiteElo "2320"]
[BlackElo "2120"]
[PlyCount "63"]
[EventDate "1992.??.??"]

1. e4 c5 2. Nf3 d6 3. d4 cxd4 4. Nxd4 Nf6 5. Nc3 g6 6. g3 Bg7 7. Bg2 O-O 8. O-O
a6 9. h3 Nbd7 10. Nde2 Ne5 11. a4 Be6 12. Nf4 Bc4 13. Re1 Rc8 14. Nfd5 Bxd5 15.
Nxd5 Nc4 16. Ra2 Re8 17. b3 Nb6 18. Nxf6+ exf6 19. a5 Na8 20. Bf4 Re6 21. h4
Qe7 22. Rf1 Rc5 23. Bh3 f5 24. exf5 gxf5 25. c4 Rg6 26. Re1 Be5 27. Bxf5 Rg7
28. Bxe5 dxe5 29. Rd2 Nc7 30. Rd7 Qf8 31. Rd8 Ne8 32. Bd7 1-0

[Event "Detroit (MI Op/6/3)"]
[Site "?"]
[Date "1992.??.??"]
[Round "?"]
[White "Noren, Kevin"]
[Black "Basin, Leonid"]
[Result "0-1"]
[WhiteElo "2310"]
[BlackElo "2470"]
[PlyCount "130"]
[EventDate "1992.??.??"]

{6/(3)} 1. d4 Nf6 2. c4 g6 3. Nc3 Bg7 4. e4 d6 5. Nf3 O-O 6. Be2 Nbd7 7. O-O e5
8. Re1 c6 9. Bf1 Re8 10. d5 c5 11. Rb1 Ng4 12. h3 Nh6 13. a3 f5 14. Bg5 Nf6 15.
Nd2 Nf7 16. Bxf6 Bxf6 17. b4 b6 18. Bd3 f4 19. Be2 h5 20. Kh2 Kg7 21. Rh1 Bd7
22. Nb3 Rh8 23. Kg1 Qe7 24. Kf1 Bh4 25. Nc1 Raf8 26. Nd3 Rc8 27. Ne1 Qe8 28.
Nf3 Bd8 29. Nd2 Qe7 30. Bf3 Qh4 31. Be2 Qf6 32. Kg1 Be7 33. Kf1 Rh6 34. Ke1
Rch8 35. bxc5 dxc5 36. h4 Rc8 37. Nf3 Rhh8 38. Kd2 Rb8 39. a4 Rhc8 40. Rb2 Bd8
41. Qb1 a6 42. Qa2 Ra8 43. Qb1 Rcb8 44. Ra2 Nd6 45. Qa1 Qe7 46. Bd3 Qe8 47. Ra3
Bf6 48. Qb2 Rb7 49. Qa2 Rab8 50. g3 Bg4 51. Nh2 Bh3 52. Rb1 Bd8 53. Qa1 Rf7 54.
Re1 Kg8 55. Re2 Qf8 56. Kc2 Rbb7 57. Nd1 b5 58. axb5 axb5 59. Kd2 bxc4 60. Bc2
Nb5 61. Ra6 Qh6 62. Ke1 Nd4 63. Ra8 Rf8 64. Rd2 fxg3 65. fxg3 Rbf7 0-1

[Event "Ann Arbor (MI Inv Pre/1)"]
[Site "?"]
[Date "1992.??.??"]
[Round "?"]
[White "Norcross, John"]
[Black "Quigley, L."]
[Result "1/2-1/2"]
[WhiteElo "2200"]
[BlackElo "2235"]
[PlyCount "43"]
[EventDate "1992.??.??"]

1. e4 Nc6 2. Nc3 e5 3. f4 exf4 4. Nf3 g5 5. h4 g4 6. Ng1 d6 7. d4 Bg7 8. Bb5
Bd7 9. Bxf4 Nxd4 10. Bxd7+ Qxd7 11. Nge2 Nxe2 12. Nxe2 O-O-O 13. O-O Ne7 14.
Bg3 f5 15. Nd4 Rhf8 16. Qd3 fxe4 17. Qxe4 Bxd4+ 18. Qxd4 Nc6 19. Qd5 Rde8 20.
Rae1 Rxf1+ 21. Rxf1 Qe6 22. Qh5 1/2-1/2

[Event "Ann Arbor (MI Inv Pre/4)"]
[Site "?"]
[Date "1992.??.??"]
[Round "?"]
[White "Norcross, John"]
[Black "Norman, Bryan"]
[Result "0-1"]
[WhiteElo "2200"]
[BlackElo "2270"]
[PlyCount "117"]
[EventDate "1992.??.??"]

1. e4 c5 2. c3 Nf6 3. e5 Nd5 4. d4 cxd4 5. Nf3 Nc6 6. Bc4 Nb6 7. Bb3 d5 8. cxd4
Bg4 9. Be3 Na5 10. Bc2 Nbc4 11. b3 Nxe3 12. fxe3 e6 13. O-O Be7 14. e4 Rc8 15.
Nbd2 Nc6 16. exd5 Nxd4 17. Bd3 Qxd5 18. Bc4 Bxf3 19. Bxd5 Bxd1 20. Bxb7 Rc7 21.
Rfxd1 Rxb7 22. Ne4 Rd7 23. Kf2 O-O 24. Rac1 Rfd8 25. g3 h6 26. Rc4 Rd5 27. Rd3
Nf5 28. Rdc3 Rxe5 29. g4 Nd6 30. Nxd6 Bxd6 31. Kf3 Rd5 32. h3 Be5 33. Re3 Bd4
34. Re2 Bb6 35. Rcc2 Rd3+ 36. Kg2 Re3 37. Rxe3 Bxe3 38. Kf3 Bb6 39. Ke2 Rd4 40.
a3 Re4+ 41. Kd2 Re3 42. Rc3 Rxc3 43. Kxc3 Kh7 44. b4 Kg6 45. a4 Kg5 46. a5 Bg1
47. Kc4 Kh4 48. b5 Kxh3 49. Kd3 Kxg4 50. Ke4 h5 51. Kd3 Kf3 52. Kc4 h4 53. Kb3
h3 54. b6 Bxb6 55. axb6 axb6 56. Kc4 h2 57. Kb5 h1=Q 58. Kxb6 Qc1 59. Kb5 0-1

[Event "East Lansing (MI Am/2)"]
[Site "?"]
[Date "1992.??.??"]
[Round "?"]
[White "Nixon, Peter"]
[Black "Wisckol, Richard"]
[Result "0-1"]
[WhiteElo "1605"]
[BlackElo "1760"]
[PlyCount "54"]
[EventDate "1992.??.??"]

1. e4 c5 2. Nf3 d6 3. d4 cxd4 4. Nxd4 Nf6 5. Nc3 a6 6. f4 Qc7 7. Be2 e6 8. O-O
Be7 9. Qd2 Nbd7 10. b3 b5 11. Bb2 Bb7 12. Bd3 Qb6 13. Qf2 Ng4 14. Qg3 Qxd4+ 15.
Kh1 Ngf6 16. Nd1 Qc5 17. e5 Nh5 18. Qg4 g6 19. exd6 Bf6 20. Bxf6 Nhxf6 21. Qe2
Qxd6 22. f5 O-O 23. fxe6 Qxe6 24. Qxe6 fxe6 25. Nc3 Rac8 26. Ne2 Nc5 27. Rad1
Nxd3 0-1

[Event "East Lansing (MI Am/4)"]
[Site "?"]
[Date "1992.??.??"]
[Round "?"]
[White "Nixon, Peter"]
[Black "Sundeen, David"]
[Result "0-1"]
[WhiteElo "1605"]
[BlackElo "1690"]
[PlyCount "130"]
[EventDate "1992.??.??"]

1. e4 e5 2. Nf3 Nf6 3. Nc3 Nc6 4. Bb5 Nd4 5. Bc4 Nxe4 6. Bxf7+ Kxf7 7. Nxe5+
Kg8 8. Nxe4 Qe7 9. O-O Qxe5 10. Re1 d6 11. Ng3 Qf6 12. c3 Nf5 13. Qb3+ Be6 14.
Rxe6 Qf7 15. Nxf5 g6 16. Nd4 Bg7 17. Qxb7 Bxd4 18. Qxa8+ Kg7 19. Rxg6+ hxg6 20.
Qf3 Qe6 21. Qd1 Re8 22. Kf1 Qe5 23. g3 Qe4 24. Kg1 Bf6 25. d4 Qe1+ 26. Qxe1
Rxe1+ 27. Kg2 Bg5 28. f4 Bh6 29. Kf2 Rh1 30. Kg2 Rd1 31. Kh3 g5 32. b3 gxf4 33.
Bb2 Rxa1 34. Bxa1 fxg3 35. hxg3 d5 36. Kg4 Kg6 37. b4 a6 38. Bb2 Bd2 39. a4 c6
40. Kf3 Be1 41. Kf4 Kf6 42. g4 Bd2+ 43. Kf3 Kg5 44. Ke2 Bf4 45. Kd3 Kxg4 46. c4
Kf5 47. cxd5 cxd5 48. b5 axb5 49. axb5 Ke6 50. Ba3 Bb8 51. Kc3 Kd7 52. Bf8 Kc7
53. Kb4 Kb6 54. Bc5+ Kb7 55. Ka5 Bc7+ 56. b6 Bg3 57. Kb5 Bf2 58. Kb4 Be1+ 59.
Kb3 Bf2 60. Kc2 Be1 61. Kd3 Ba5 62. Ke3 Bxb6 63. Bxb6 Kxb6 64. Kf4 Kb5 65. Ke5
Kc4 0-1

[Event "Detroit (MOR/1b/61)"]
[Site "?"]
[Date "1992.??.??"]
[Round "?"]
[White "Nixon, Peter"]
[Black "Leaman, P."]
[Result "1-0"]
[WhiteElo "1605"]
[BlackElo "1605"]
[PlyCount "44"]
[EventDate "1992.??.??"]

1. e4 e5 2. Nf3 d6 3. Bc4 Nf6 4. Nc3 Qd7 5. h3 Nc6 6. d4 d5 7. Bxd5 Nxd5 8.
Nxd5 exd4 9. Nxd4 Nxd4 10. Qxd4 c5 11. Qe5+ Qe7 12. Nxe7 Bxe7 13. Qxg7 Rf8 14.
Qxh7 b6 15. Bh6 Bf5 16. Qxf5 Rh8 17. Bg5 Rh5 18. f4 Rd8 19. Rd1 Rxd1+ 20. Kxd1
Bxg5 21. fxg5 Kf8 22. Rf1 Rh8 1-0

[Event "Detroit (MOR/7/110)"]
[Site "?"]
[Date "1992.??.??"]
[Round "?"]
[White "Nixon, Peter"]
[Black "Burwell, Norman"]
[Result "1-0"]
[WhiteElo "1605"]
[BlackElo "1605"]
[PlyCount "103"]
[EventDate "1992.??.??"]

{7/(110)} 1. e4 c5 2. Nf3 Nc6 3. d4 cxd4 4. Nxd4 e6 5. Nc3 a6 6. f4 Nge7 7. Be3
d5 8. exd5 Nxd5 9. Nxd5 Qxd5 10. Nxc6 Qxc6 11. Qd2 Be7 12. O-O-O Bd7 13. Be2
Rd8 14. Bf3 Qa4 15. Kb1 O-O 16. g4 Bc6 17. Qe2 Rxd1+ 18. Rxd1 Rd8 19. Rxd8+
Bxd8 20. Bxc6 bxc6 21. Qd2 Be7 22. Qd4 Qb5 23. Qd3 Qb7 24. Qe4 h6 25. Bf2 Qb5
26. Qd3 Qd5 27. Qxd5 exd5 28. c3 f6 29. Kc2 Kf8 30. Bb6 Ke8 31. h4 Kd7 32. Kb3
Kc8 33. Ka4 Kb7 34. Ka5 Bd6 35. Be3 c5 36. h5 Bc7+ 37. Ka4 Kc6 38. Kb3 a5 39.
a4 d4 40. cxd4 cxd4 41. Bxd4 Bxf4 42. Kc4 Bc7 43. Bc5 Bd8 44. Bf8 f5 45. gxf5
Bf6 46. b4 axb4 47. Kxb4 Kb6 48. Kc4 Ka5 49. Kd5 Kxa4 50. Ke6 Kb5 51. Kf7 Kc4
52. Bxg7 1-0

[Event "Detroit (MOR/5/73)"]
[Site "?"]
[Date "1992.??.??"]
[Round "?"]
[White "Nixon, Peter"]
[Black "Basas, J."]
[Result "1-0"]
[WhiteElo "1605"]
[BlackElo "1735"]
[PlyCount "85"]
[EventDate "1992.??.??"]

{5/(73)} 1. e4 e5 2. Nf3 Nc6 3. Bb5 a6 4. Ba4 d6 5. O-O b5 6. Bb3 Na5 7. d4
Nxb3 8. axb3 Bg4 9. dxe5 Bxf3 10. Qxf3 dxe5 11. Rd1 Qf6 12. Qd3 Qc6 13. Qd5
Qxd5 14. Rxd5 Bd6 15. Rxb5 Nf6 16. Nc3 O-O 17. Rb7 Nd7 18. Be3 f5 19. exf5 Rxf5
20. Ra7 Rxa7 21. Bxa7 Nb6 22. Bxb6 cxb6 23. Rxa6 Rf8 24. Ne4 Bc7 25. Nc3 Bd6
26. Kf1 Rb8 27. Nd5 Bc5 28. Ke2 b5 29. b4 Bf8 30. c3 Rd8 31. Nc7 Rb8 32. Ra5
Be7 33. Rxb5 Rxb5 34. Nxb5 Kf7 35. Ke3 Ke6 36. Ke4 g6 37. Nc7+ Kd6 38. Nd5 Bd8
39. c4 Bg5 40. c5+ Ke6 41. b5 Bc1 42. b6 Kd7 43. b7 1-0

[Event "East Lansing (MI Am/2)"]
[Site "?"]
[Date "1992.??.??"]
[Round "?"]
[White "Niemi, S."]
[Black "Tsuji, J."]
[Result "0-1"]
[WhiteElo "1605"]
[BlackElo "1605"]
[PlyCount "60"]
[EventDate "1992.??.??"]

1. g3 Nf6 2. b3 e6 3. Nc3 d5 4. Nf3 b6 5. Bb2 Bb7 6. Bg2 Be7 7. d4 O-O 8. Qd2
Nbd7 9. O-O-O c5 10. Qf4 Rc8 11. Ne5 cxd4 12. Nb5 a6 13. Na7 Rc7 14. Bxd4 Qb8
15. Ng4 Ba8 16. Nxf6+ Bxf6 17. g4 Bxd4 18. Rxd4 Rxa7 19. h4 Qxf4+ 20. Rxf4 Rc7
21. g5 Rfc8 22. h5 Rxc2+ 23. Kb1 Rxe2 24. Rf1 Rcc2 25. Ra4 Nc5 26. Rb4 b5 27.
f4 Rxg2 28. f5 Rb2+ 29. Kc1 Nd3+ 30. Kd1 Rbd2# 0-1

[Event "East Lansing (MI Am/4)"]
[Site "?"]
[Date "1992.??.??"]
[Round "?"]
[White "Niemi, S."]
[Black "Ghani, M."]
[Result "0-1"]
[WhiteElo "1605"]
[BlackElo "1605"]
[PlyCount "46"]
[EventDate "1992.??.??"]

1. e4 c5 2. d4 e6 3. Nf3 a6 4. Ng5 cxd4 5. c3 Nc6 6. Qf3 Ne5 7. Qf4 f6 8. Qg3
Bd6 9. cxd4 Qc7 10. Nxe6 Qxc1+ 11. Ke2 Qxb2+ 12. Ke3 Nc4+ 13. Bxc4 Bxg3 14. Nd2
dxe6 15. hxg3 e5 16. Rac1 Qxd4+ 17. Ke2 Bg4+ 18. f3 Rd8 19. Bd5 Be6 20. Bxe6
Qxd2+ 21. Kf1 Qxc1+ 22. Ke2 Rd2+ 23. Ke3 Qc3# 0-1

[Event "East Lansing (MI Am/1)"]
[Site "?"]
[Date "1992.??.??"]
[Round "?"]
[White "Niemi, G."]
[Black "LaGuire, D."]
[Result "0-1"]
[WhiteElo "1605"]
[BlackElo "1605"]
[PlyCount "56"]
[EventDate "1992.??.??"]

1. e4 e6 2. d4 d5 3. Bd3 c5 4. Nf3 Nc6 5. Be3 Qb6 6. dxc5 Bxc5 7. Bxc5 Qxc5 8.
O-O Nge7 9. Nc3 a6 10. exd5 Nxd5 11. Ng5 Nxc3 12. Qf3 Qxg5 13. bxc3 O-O 14. Qe4
f5 15. Qc4 Qf6 16. Rad1 Kh8 17. Rfe1 e5 18. f3 Be6 19. Qa4 Qe7 20. c4 Qc5+ 21.
Kh1 Rfd8 22. c3 Rd6 23. Qc2 Rf8 24. Rb1 Rd7 25. Bxf5 Bxf5 26. Qc1 Bxb1 27. Qxb1
Qxc4 28. Qe4 Qxe4 0-1

[Event "East Lansing (MI Am/4)"]
[Site "?"]
[Date "1992.??.??"]
[Round "?"]
[White "Niemi, G."]
[Black "Aldrich, Justin"]
[Result "1-0"]
[WhiteElo "1605"]
[BlackElo "1605"]
[PlyCount "135"]
[EventDate "1992.??.??"]

1. e4 e5 2. d4 d6 3. d5 Nf6 4. Nc3 Bg4 5. Nf3 Na6 6. Nb5 c6 7. Nc3 Nc5 8. Bg5
Be7 9. h3 Bh5 10. Bd3 Bg6 11. dxc6 Qb6 12. b3 Ncxe4 13. Nxe4 Bxe4 14. Bxf6 Bxf3
15. Qxf3 Bxf6 16. cxb7 Rb8 17. Be4 O-O 18. O-O Rfd8 19. c4 Rd7 20. Rfd1 Rbxb7
21. Bxb7 Qxb7 22. Qxb7 Rxb7 23. Rxd6 h6 24. Rad1 Rb8 25. Rd7 Bg5 26. Rxa7 e4
27. Kf1 Re8 28. Rdd7 e3 29. fxe3 Rxe3 30. Rxf7 Bh4 31. Kg1 Re1+ 32. Kh2 Bf6 33.
Rad7 Be5+ 34. g3 Re2+ 35. Kh1 Rxa2 36. g4 Rh2+ 37. Kg1 Rxh3 38. b4 Rg3+ 39. Kf2
Rxg4 40. Rfe7 Bf6 41. Re8+ Kh7 42. Rc8 h5 43. b5 Bd4+ 44. Rxd4 Rxd4 45. Kg2
Rd2+ 46. Kh3 Rd4 47. b6 h4 48. b7 Rd3+ 49. Kxh4 Rb3 50. b8=Q Rxb8 51. Rxb8 g5+
52. Kxg5 Kg7 53. c5 Kf7 54. c6 Ke7 55. c7 Kf7 56. c8=Q Ke7 57. Kf5 Kd6 58. Rb6+
Kd5 59. Qc6+ Kd4 60. Rb4+ Kd3 61. Qc4+ Ke3 62. Rb3+ Kd2 63. Qc3+ Kd1 64. Qd3+
Ke1 65. Rb1+ Kf2 66. Qa3 Ke2 67. Rb2+ Kd1 68. Qa1# 1-0

[Event "East Lansing (MI Am/4)"]
[Site "?"]
[Date "1992.??.??"]
[Round "?"]
[White "Nicolli, Randy"]
[Black "Spooner, Frank"]
[Result "1-0"]
[WhiteElo "1605"]
[BlackElo "1880"]
[PlyCount "78"]
[EventDate "1992.??.??"]

1. e4 c6 2. d4 d5 3. e5 Bf5 4. Bd3 Bxd3 5. Qxd3 e6 6. Nf3 Qb6 7. Nbd2 c5 8. c3
Nc6 9. O-O Nh6 10. dxc5 Bxc5 11. Nb3 Nf5 12. Bf4 Rd8 13. Rac1 h6 14. Nxc5 Qxc5
15. g4 Nfe7 16. Nd4 a6 17. Qd1 Ng6 18. Be3 Qe7 19. f4 Nxd4 20. cxd4 O-O 21. f5
exf5 22. gxf5 Nh8 23. Qg4 Kh7 24. f6 gxf6 25. Qf5+ Ng6 26. Qh5 Rh8 27. Rxf6 Kg7
28. Kh1 Rdg8 29. Rg1 Rh7 30. Rgf1 Kh8 31. Qh3 Qf8 32. e6 Qe7 33. Bxh6 fxe6 34.
Qe3 Qe8 35. Bg5 Rhg7 36. Rxe6 Qb5 37. Qh3+ Rh7 38. Bf6+ Rgg7 39. Bxg7+ Kxg7 1-0

[Event "Flint (Class C/3)"]
[Site "?"]
[Date "1992.??.??"]
[Round "?"]
[White "Nicolli, Randy"]
[Black "Solski, Jeff"]
[Result "1-0"]
[WhiteElo "1605"]
[BlackElo "1605"]
[PlyCount "53"]
[EventDate "1992.??.??"]

1. f4 Nf6 2. Nf3 d6 3. g3 g6 4. b3 Bg7 5. Bb2 O-O 6. Bg2 c6 7. O-O Re8 8. Qe1
Nbd7 9. e4 e5 10. fxe5 dxe5 11. d3 Ng4 12. Nbd2 Bh6 13. Rc1 Qb6+ 14. Kh1 Be3
15. h3 Bf2 16. Qe2 Ndf6 17. hxg4 Nxg4 18. Nxe5 Qc5 19. Nxg4 Qh5+ 20. Bh3 Qxh3+
21. Nh2 Bxg3 22. Ndf3 Bg4 23. Qd2 Rad8 24. Ng5 Qh5 25. Rxf7 h6 26. Rg7+ Kf8 27.
Nh7# 1-0

[Event "Lansing (Aug)"]
[Site "?"]
[Date "1992.??.??"]
[Round "?"]
[White "Nicolli, Randy"]
[Black "Rostrom, Richard"]
[Result "1-0"]
[WhiteElo "1605"]
[BlackElo "1650"]
[PlyCount "69"]
[EventDate "1992.??.??"]

1. f4 Nf6 2. Nf3 b6 3. d3 Bb7 4. e4 d6 5. Be2 g6 6. O-O Bg7 7. Qe1 Nc6 8. a3
Nd7 9. Nc3 Nd4 10. Nxd4 Bxd4+ 11. Kh1 Bg7 12. Be3 O-O 13. Rb1 c5 14. Bg4 Nf6
15. Bh3 Bc8 16. Bxc8 Rxc8 17. Rf3 Qd7 18. h3 d5 19. Bf2 d4 20. Ne2 Qc6 21. Bh4
Rfe8 22. Ng3 e6 23. Qf2 Kh8 24. f5 Bh6 25. Bxf6+ Kg8 26. fxg6 fxg6 27. e5 Be3
28. Qe2 Rc7 29. Ne4 Rf8 30. Rbf1 h6 31. h4 Kh7 32. Rg3 Rg8 33. Nd6 g5 34. Qg4
gxh4 35. Qxg8# 1-0

[Event "Detroit (MOR/1a/52)"]
[Site "?"]
[Date "1992.??.??"]
[Round "?"]
[White "Nicolli, Randy"]
[Black "Raupp, Sarah"]
[Result "1-0"]
[WhiteElo "1605"]
[BlackElo "1605"]
[PlyCount "71"]
[EventDate "1992.??.??"]

1. f4 e5 2. fxe5 d6 3. exd6 Bxd6 4. Nf3 Nf6 5. d3 Nc6 6. e4 Bg4 7. Be2 Bc5 8.
c3 Nh5 9. Bg5 f6 10. Bd2 O-O 11. d4 Bb6 12. Be3 f5 13. e5 f4 14. Bf2 Qd7 15.
O-O Ne7 16. Nbd2 Nf5 17. Ne4 Ne3 18. Bxe3 fxe3 19. Qd3 Rf4 20. Qxe3 Qf5 21.
Neg5 h6 22. Bc4+ Kh8 23. Nf7+ Kh7 24. Bd3 Qxd3 25. Qxd3+ Bf5 26. Qc4 Rf8 27. g3
Rg4 28. Nh4 Bg6 29. Nxg6 Rxg6 30. Ng5+ hxg5 31. Rxf8 Rh6 32. Qg8+ Kg6 33. Qe6+
Kh7 34. Qe8 g6 35. Rh8+ Kg7 36. Qf8# 1-0

[Event "Lansing (Aug)"]
[Site "?"]
[Date "1992.??.??"]
[Round "?"]
[White "Nicolli, Randy"]
[Black "Purkey, L."]
[Result "0-1"]
[WhiteElo "1605"]
[BlackElo "1605"]
[PlyCount "82"]
[EventDate "1992.??.??"]

1. f4 Nf6 2. Nf3 b6 3. d3 e6 4. e4 Bb7 5. Be2 d5 6. e5 Ng4 7. h3 Nh6 8. Be3 Nf5
9. Bf2 d4 10. O-O Nd7 11. Nbd2 Be7 12. Nxd4 Nxd4 13. Bxd4 Bc5 14. Bxc5 Nxc5 15.
Nf3 Rb8 16. Qe1 O-O 17. d4 Bxf3 18. Rxf3 Qxd4+ 19. Kh1 Qxb2 20. Bd3 Nxd3 21.
cxd3 Rbd8 22. Rf2 Qa3 23. Rc1 c5 24. Rc3 Qa6 25. Rd2 Rd4 26. Qe3 Rfd8 27. g4 h6
28. f5 c4 29. f6 Rxd3 30. Rcxd3 Rxd3 31. Rxd3 cxd3 32. g5 Qb7+ 33. Kg1 Qd5 34.
Qd2 Qd4+ 35. Kf1 Qxe5 36. fxg7 hxg5 37. Qxd3 Qf5+ 38. Qxf5 exf5 39. Kf2 Kxg7
40. Kf3 f6 41. a4 a6 0-1

[Event "Detroit (MOR/5/85)"]
[Site "?"]
[Date "1992.??.??"]
[Round "?"]
[White "Nicolli, Randy"]
[Black "Fletcher, B."]
[Result "1-0"]
[WhiteElo "1605"]
[BlackElo "1605"]
[PlyCount "81"]
[EventDate "1992.??.??"]

{5/(85)} 1. f4 Nf6 2. b3 c5 3. Bb2 e6 4. e3 a6 5. Nf3 d6 6. g3 b5 7. Bg2 Bb7 8.
O-O Be7 9. Qe1 Nc6 10. d3 Qc7 11. Nbd2 O-O-O 12. e4 Rdg8 13. a4 b4 14. Nc4 a5
15. c3 Nd7 16. cxb4 Nxb4 17. Qd2 h5 18. h3 f5 19. Nh4 Bxh4 20. gxh4 Nb8 21. e5
dxe5 22. Bxe5 Qd8 23. Nd6+ Kd7 24. Nxb7 Qb6 25. Qc3 c4+ 26. Bd4 Qc7 27. Nc5+
Ke7 28. Qxc4 Rh6 29. Rfe1 Qc8 30. Bb7 Qe8 31. Rxe6+ Rxe6 32. Qxe6+ Kf8 33.
Qxf5+ Qf7 34. Ne6+ Ke8 35. Qb5+ Nd7 36. Re1 Qg6+ 37. Ng5+ Kd8 38. Qxa5+ Nb6 39.
Bxb6+ Kd7 40. Qxb4 Qxd3 41. Qe7# 1-0

[Event "Detroit (MOR/3/56)"]
[Site "?"]
[Date "1992.??.??"]
[Round "?"]
[White "Nicolli, Randy"]
[Black "Fleming, William"]
[Result "0-1"]
[WhiteElo "1605"]
[BlackElo "1705"]
[PlyCount "58"]
[EventDate "1992.??.??"]

{3/(56)} 1. f4 d5 2. e3 g6 3. Nf3 c5 4. c3 Bg7 5. d4 cxd4 6. exd4 Nf6 7. Bd3
O-O 8. O-O Bg4 9. Nbd2 Nc6 10. Qc2 Rc8 11. Ne5 Nxd4 12. Qa4 Ne2+ 13. Kh1 Nxc1
14. Raxc1 Qb6 15. Nxg4 Nxg4 16. h3 Nf2+ 17. Rxf2 Qxf2 18. Rc2 Rfd8 19. Nf3 Qb6
20. f5 a6 21. Re2 Qd6 22. fxg6 hxg6 23. Qh4 Bf6 24. Ng5 Bxg5 25. Qxg5 Qf6 26.
Qg4 Re8 27. h4 e5 28. g3 Qf1+ 29. Kh2 e4 0-1

[Event "Flint (Class C/1)"]
[Site "?"]
[Date "1992.??.??"]
[Round "?"]
[White "Nicolli, Randy"]
[Black "Cooper, Willie"]
[Result "0-1"]
[WhiteElo "1605"]
[BlackElo "1605"]
[PlyCount "76"]
[EventDate "1992.??.??"]

1. f4 d5 2. e3 e6 3. Nf3 Bd6 4. b3 Nf6 5. Bb2 O-O 6. Be2 Nbd7 7. O-O c5 8. d3
Ng4 9. Qd2 f5 10. Nc3 a6 11. Ng5 Qe7 12. Nd1 e5 13. Nf2 exf4 14. Nxg4 fxg4 15.
exf4 h6 16. Bxg4 hxg5 17. fxg5 d4 18. Rae1 Ne5 19. Rxf8+ Qxf8 20. Rf1 Qe7 21.
Bh5 Be6 22. Qe2 g6 23. Bf3 Rf8 24. Bc1 Qh7 25. g3 Bh3 26. Rf2 Qe7 27. Bd5+ Kg7
28. Bf4 b5 29. Qe4 Bf5 30. Qg2 Ng4 31. Qh3 Rh8 32. Qf1 Bxf4 33. Rxf4 Qe3+ 34.
Rf2 Qxf2+ 35. Qxf2 Nxf2 36. Kxf2 Rxh2+ 37. Kf3 Rxc2 38. g4 Bxd3 0-1

[Event "East Lansing (MI Am/2)"]
[Site "?"]
[Date "1992.??.??"]
[Round "?"]
[White "Nicolli, Randy"]
[Black "Brown, Dan"]
[Result "0-1"]
[WhiteElo "1605"]
[BlackElo "1855"]
[PlyCount "118"]
[EventDate "1992.??.??"]

1. f4 Nf6 2. e3 c5 3. b3 Nc6 4. Bb2 e6 5. Nf3 Be7 6. g3 d5 7. Bg2 Qb6 8. O-O d4
9. exd4 cxd4 10. d3 O-O 11. Nbd2 Rd8 12. Ne4 Qc7 13. Ne5 Bc5 14. Qe2 Rb8 15.
Kh1 Nxe5 16. fxe5 Nd5 17. Bc1 b5 18. Nd2 Ne3 19. Rf2 Nxg2 20. Kxg2 Bb7+ 21. Nf3
a5 22. Bg5 Rd5 23. Kg1 a4 24. Bf4 Ra8 25. Raf1 axb3 26. axb3 Ra2 27. Ng5 Rd7
28. h4 Bd5 29. Qh5 h6 30. Nf3 Bxf3 31. Qxf3 Bf8 32. Qg2 Qc5 33. Re2 Rda7 34.
Rff2 Ra1+ 35. Kh2 Be7 36. Qf3 Kh7 37. Qh5 Qc6 38. Rg2 Bf8 39. Ref2 g6 40. Qg4
h5 41. Qh3 Rd1 42. Rg1 Rxg1 43. Kxg1 Ra1+ 44. Rf1 Rxf1+ 45. Qxf1 Qxc2 46. Bg5
Qc7 47. Qf4 Bg7 48. Bf6 Bxf6 49. Qxf6 Qc1+ 50. Qf1 Qxf1+ 51. Kxf1 Kg7 52. Kf2
f6 53. exf6+ Kxf6 54. Kf3 Kf5 55. Kf2 e5 56. Kf3 b4 57. Kf2 e4 58. dxe4+ Kxe4
59. Ke2 d3+ 0-1

[Event "Detroit (MOR/5/57)"]
[Site "?"]
[Date "1992.??.??"]
[Round "?"]
[White "Neff, M."]
[Black "Wisckol, Richard"]
[Result "0-1"]
[WhiteElo "1685"]
[BlackElo "1790"]
[PlyCount "86"]
[EventDate "1992.??.??"]

{5/(57)} 1. d4 Nf6 2. c4 d6 3. Nc3 g6 4. e4 Bg7 5. h3 O-O 6. Nf3 e5 7. d5 a5 8.
Bd3 Na6 9. a3 Nc5 10. Bc2 Bd7 11. Be3 a4 12. Rb1 Qe7 13. O-O Rfb8 14. Re1 Qe8
15. Qd2 Qf8 16. Re2 Ne8 17. Ne1 f5 18. f4 fxe4 19. Nxe4 Nxe4 20. Bxe4 Nf6 21.
Bc2 Nh5 22. fxe5 Bxe5 23. Rf2 Qe7 24. Bg5 Bf6 25. Nf3 Bxg5 26. Nxg5 Rf8 27. Re2
Qf6 28. Rbe1 Nf4 29. Re7 Qxg5 30. Kh2 Rae8 31. Rxe8 Rxe8 32. Rxe8+ Bxe8 33. g3
Nxh3 34. Qe2 Bd7 35. Bxa4 Bxa4 36. Qe6+ Kg7 37. Kxh3 Qf5+ 38. g4 Qxe6 39. dxe6
Kf6 40. e7 Kxe7 41. g5 Ke6 42. Kg4 Ke5 43. b4 c6 0-1